Quick Pick: Defensive Super Bowl MVPs Quiz Stats

 Plays Quiz Updated Aug 21, 2016

Score 0/10 Timer 01:00
3 Plays Today
% Correct
Ray Lewis
85.4%
Von Miller
84.4%
Richard Dent
66.7%
Randy White
65.2%
Malcolm Smith
64.5%
Dexter Jackson
62.3%
Larry Brown
60.8%
Chuck Howley
56.4%
Harvey Martin
50.3%
Jake Scott
47.4%

Today's Daily Dose

You're not logged in!

Compare scores with friends on all Sporcle quizzes.
OR
Log In

Show Comments

Extras

Top Quizzes Today


Score Distribution

Your Account Isn't Verified!

In order to create a playlist on Sporcle, you need to verify the email address you used during registration. Go to your Sporcle Settings to finish the process.

Report this User

Report this user for behavior that violates our Community Guidelines.

Details: